Gua̕ fc̀il de asociaciones manual de gestin̤ para la creacin̤, desarrollo y dinamizacin̤ de asociaciones sin ǹimo de lucro /

Bibliographic Details
Main Author: Alberich Nistal, Toms̀
Format: Unknown
Language:Spanish
Published: Madrid : Dykinson, S.L., 1998
Subjects:
Online Access:Acceso restringido

MARC

LEADER 00000ny a22000003n 4500
005 20110609110424.0
008 060405s1998 sp 00 0 spa d
035 |a 269 
040 |a Mpons  |d vLex 
041 0 |a spa 
043 |a esp 
090 |c 593  |d 593 
100 1 |a Alberich Nistal, Toms̀ 
245 1 0 |a Gua̕ fc̀il de asociaciones  |h [Recurso electrn̤ico]  |b manual de gestin̤ para la creacin̤, desarrollo y dinamizacin̤ de asociaciones sin ǹimo de lucro /  |c Toms̀ Alberich Nistal 
256 |a Servicio en ln̕ea 
260 |a Madrid :  |b Dykinson, S.L.,  |c 1998 
300 |a p. ;  |c cm 
506 1 |a Contenido solo disponible en los productos indicados  |d vLex Global  |d vLex Global (Academic Edition, excluding Law Schools)  |d vLex Global (U.S. Academic Edition, Law Schools)  |d vLex Global (U.S. Academic Edition, excluding Law Schools)  |d vLex Global (Academic Edition, Law Schools) 
650 0 7 |2 Tesauro vLex  |a Asociacin̤ 
650 0 7 |2 Tesauro vLex  |a Civil 
650 0 7 |2 Tesauro vLex  |a Asociaciones 
740 0 |a vLex Libros (Servicios en ln̕ea) 
856 4 0 |z Acceso restringido  |u http://vlex.com/source/guia-asociaciones-269 
942 |c BOOK 
999 0 |a Civil Law  |b Madrid